[Event "Wch U12 Girls blitz"]
[Site "Batumi"]
[Date "2023.06.11"]
[Round "10"]
[White "Diloyan, Angelina"]
[Black "Danielyan, Aida"]
[Result "1-0"]
[WhiteElo "1232"]
[BlackElo "1192"]
[PlyCount "80"]
[EventDate "2023.06.10"]
[EventType "swiss (blitz)"]
[EventRounds "11"]
[EventCountry "GEO"]
[SourceTitle "EXT 2024"]
[Source "ChessBase"]
[SourceDate "2023.10.10"]
[SourceVersion "1"]
[SourceVersionDate "2023.10.10"]
[SourceQuality "1"]
[WhiteTeam "Armenia"]
[BlackTeam "Armenia"]
[WhiteTeamCountry "ARM"]
[BlackTeamCountry "ARM"]

1. e4 c6 2. Nc3 d5 3. Nf3 Bg4 4. h3 Bh5 5. exd5 cxd5 6. g4 Bg6 7. Ne5 a6 8. Qf3 Nf6 9. g5 Nfd7 10. Nxg6 hxg6 11. Qxd5 Nc6 12. Bg2 e6 13. Qe4 Qxg5 14. d3 Qe5 15. Qxe5 Ndxe5 16. Bf4 Nd7 17. a3 Be7 18. 0-0-0 0-0 19. Ne4 Rab8 20. Bxb8 Rxb8 21. Nc3 Bg5+ 22. Kb1 Nc5 23. b4 Nd7 24. h4 Bf6 25. Ne4 Bd4 26. c3 Ba7 27. d4 Nf6 28. Nxf6+ gxf6 29. h5 Ne7 30. hxg6 fxg6 31. Rde1 Nd5 32. Bxd5 exd5 33. Re6 Kf7 34. Rd6 Rc8 35. Rh7+ Kg8 36. Rxb7 Bb8 37. Rxf6 Bh2 38. Rxg6+ Kf8 39. Rh6 Bc7 40. Rh7 Bb6 1-0